000 00760nam a2200289Ia 4500
001 6272
003 IT-RoPAU
008 130308s9999 xx 000 0 und d
040 _aIT-RoPAU
040 _cIT-RoPAU
041 _aITALIANO
100 _aGobetti Paolo
100 _gCodice Aut. SPICS: 5978
245 _aIntroduzione a forma e tecnica del film di Ejzenstejn
245 _bForma e Tecnica del Film e Lezioni di Regia
250 _a1a ed.
260 _aTORINO
260 _bEinaudi
260 _c1964 [1° Ed.:1964 - Ed.Ling.Originale:1964]
300 _a"6 p. (prefazione: no ; testo: 6)"
650 _aREGIA CINEMATOGRAFICA
650 _eCodice materia Spics: 6803
942 _cBK
957 _71
999 _c51568
_d51568
999 _bSI
999 _g1